Hint | Answer |
| The | | 91.8% | | A | | 91.8% | | And | | 91.8% | | A | | 91.8% | | The | | 91.8% | | And | | 91.8% | | The | | 91.8% | | The | | 91.8% | | And | | 91.8% | | And | | 91.8% | | And | | 91.8% | | And | | 91.8% | | The | | 91.8% | | And | | 91.8% | | A | | 91.8% | | And | | 91.8% | | And | | 91.8% | | And | | 91.8% | | In | | 83.6% | | In | | 83.6% | | In | | 83.6% | | In | | 83.6% | | In | | 83.6% | | In | | 83.6% | | As | | 82.2% | | My | | 82.2% | | Me, | | 82.2% | | My | | 82.2% | | My | | 82.2% | | My | | 82.2% | | My | | 82.2% | | Me? | | 82.2% | | Me | | 82.2% | | My | | 82.2% | | As | | 82.2% | | My | | 82.2% | | As | | 82.2% | | Me | | 82.2% | | My | | 82.2% | | My | | 82.2% | | My | | 82.2% | | My | | 82.2% | | My | | 82.2% | | To | | 80.8% | | To | | 80.8% | | To | | 80.8% | | Of | | 79.5% | | Of | | 79.5% | | Of | | 79.5% | | Of | | 79.5% | | Look | | 78.1% | | Burning | | 78.1% | | Sky, | | 78.1% | | Tear | | 78.1% | | Eye | | 78.1% | | Into | | 76.7% | | Into | | 76.7% | | Forming | | 75.3% | | You, | | 75.3% | | You, | | 75.3% | | You | | 75.3% | | You | | 75.3% | | You, | | 75.3% | | You, | | 75.3% | | You, | | 75.3% | | You, | | 75.3% | | You, | | 75.3% | | You | | 75.3% | | Dreams, | | 74% | | Be, | | 74% | | Die | | 74% | | Die, | | 74% | | Be | | 74% | | Die | | 74% | | I | | 72.6% | | Memories | | 72.6% | | I | | 72.6% | | With | | 72.6% | | All | | 72.6% | | I | | 72.6% | | I | | 72.6% | | I | | 72.6% |
|
Hint | Answer |
| I | | 72.6% | | I | | 72.6% | | I | | 72.6% | | I | | 72.6% | | I | | 72.6% | | I | | 72.6% | | With | | 72.6% | | With | | 72.6% | | I | | 72.6% | | All | | 72.6% | | With | | 72.6% | | With | | 72.6% | | With | | 72.6% | | With | | 72.6% | | With | | 72.6% | | With | | 72.6% | | With | | 72.6% | | That | | 69.9% | | Have | | 69.9% | | Died. | | 69.9% | | That | | 69.9% | | Have | | 69.9% | | Have | | 69.9% | | Arms, | | 69.9% | | Arms, | | 69.9% | | Fallen | | 68.5% | | Take | | 68.5% | | On | | 68.5% | | On? | | 68.5% | | Hold | | 68.5% | | Take | | 68.5% | | Take | | 68.5% | | Hold | | 68.5% | | Take | | 68.5% | | Take | | 68.5% | | Take | | 68.5% | | Take | | 68.5% | | Take | | 68.5% | | Take | | 68.5% | | Are | | 67.1% | | This | | 67.1% | | This | | 67.1% | | This, | | 67.1% | | This, | | 67.1% | | This, | | 67.1% | | This, | | 67.1% | | This, | | 67.1% | | This, | | 67.1% | | This, | | 67.1% | | Left | | 67.1% | | This | | 67.1% | | This | | 67.1% | | This | | 67.1% | | This | | 67.1% | | Left | | 67.1% | | This | | 67.1% | | This | | 67.1% | Mou | Mou | | 65.8% | Oshimai | Oshimai | | 65.8% | Da | Da, | | 65.8% | | Trust, | | 65.8% | | Scream, | | 65.8% | Mou | Mou | | 65.8% | Oshimai | Oshimai | | 65.8% | Da | Da, | | 65.8% | | Trust, | | 65.8% | | Demons | | 64.4% | | Eternity, | | 64.4% | | Is | | 64.4% | | By | | 64.4% | | Forever | | 64.4% | | Betrayed | | 64.4% | | By | | 64.4% | | Forever | | 64.4% | | Secret | | 64.4% | | Secret | | 64.4% | | Betrayed | | 64.4% | | By | | 64.4% | | Forever | | 64.4% | | Secret | | 64.4% | | Secret | | 64.4% | | Secret | | 64.4% |
|
Hint | Answer |
| Secret | | 64.4% | | Secret | | 64.4% | | Secret | | 64.4% | | Possessing | | 63% | | Cloud | | 63% | | Ash | | 63% | | Oh | | 63% | | Closely | | 63% | | Oh | | 63% | | Closely | | 63% | | Robbed | | 61.6% | | Flight | | 61.6% | | Your | | 61.6% | | Can | | 61.6% | | Your | | 61.6% | | Could | | 61.6% | | Could | | 61.6% | | Last | | 61.6% | | Night, | | 60.3% | | Feel | | 60.3% | | Hate | | 60.3% | | Up | | 60.3% | | Caused | | 60.3% | | Caused | | 60.3% | | Caused | | 60.3% | | Caused | | 60.3% | | Because | | 58.9% | | Hope | | 58.9% | | Us | | 58.9% | | Lost | | 58.9% | | Forced | | 58.9% | | Forced | | 58.9% | | Forced | | 58.9% | | Eyes, | | 58.9% | | Watched | | 58.9% | | Them | | 58.9% | | Solution, | | 58.9% | | Scream, | | 58.9% | | Choking | | 57.5% | | Own | | 57.5% | | I'm | | 57.5% | | Scared | | 57.5% | | Backing | | 57.5% | | Down, | | 57.5% | | Flames, | | 57.5% | | Genocide | | 57.5% | | Name, | | 57.5% | | Was | | 57.5% | | I've | | 57.5% | | Continue | | 57.5% | | Became | | 57.5% | | Puppet | | 57.5% | | Master, | | 57.5% | | Horror, | | 57.5% | | Ordered | | 57.5% | | Good | | 57.5% | | Come | | 57.5% | | Price, | | 57.5% | | Words, | | 56.2% | | Can't | | 56.2% | | Think | | 56.2% | | Control, | | 56.2% | | Then | | 56.2% | | Then | | 56.2% | | Stared | | 56.2% | | Then | | 56.2% | | Stood | | 56.2% | | Revolution, | | 56.2% | | Situation's | | 54.8% | | Pushing | | 54.8% | | Onwards, | | 53.4% | | Fuel | | 53.4% | | Victories | | 53.4% | | Twisted | | 52.1% | | Warring | | 52.1% | | Taints | | 52.1% | | Just | | 52.1% | | Conscience, | | 50.7% | | Pierced | | 49.3% | | Our | | 39.7% | | Others | | 35.6% | | Yeah! | | 28.8% |
|
Comments